000 00687nam a22002417a 4500
003 UA-OsUOA
001 87012
007 ta
008 20120913b un ||||| |||| 00| 0 ukr d
100 _aГроссман Л. П.
090 _a82:929
_bГ88
942 _cBK
040 _aUA-OsUOA
_brus
_cUA-OsUOA
_dUA-OsUOA
245 _aДостоевский
300 _a544 с.
955 _a1
041 _arus
080 _a82:929
260 _aМ.
_bМолодая гвардия
_c1963
250 _nСерия биографий "Жизнь замечательных людей"
650 7 _a82 Література. Літературознавство
_2UDC
999 _c373229
_d373229